000
00185 a2200097 4500
020
_a
9780545343749
041
_a
spa
100
_a
Erin Downing
245
_a
Chismes jugosos
942
_c
BK
999
_c
29165
_d
29163